000 00543nam a2200217Ia 4500
003 OSt
005 20220928140956.0
006 a|||||r|||| 00| 0
007 ta
008 220927b |||||||| |||| 00| 0 eng d
024 _a12653
037 _cTextual
040 _aSDCL
_cSDCL
_beng
041 _2eng
_aeng
082 _aO-,3N15w, M0
100 _aHarris Mark
_9498324
245 0 _aSaul Bellow
_b Drumlin Woodchuck.
260 _c1980
942 _hO-,3N15w, M0
_cTEXL
_2CC
999 _c815062
_d815062